Contenidos básicos comunes(cbc) : Lengua.

Reportaje a Sara Melgar sobre los CBC de lengua. Bloques de contenidos para la ulterior construcción del currículum jurisdiccional.

Guardado en:
Formato: Deslizar
Series:Sacapuntas
Materias:
CBC
Etiquetas: Agregar Etiqueta
Sin Etiquetas, Sea el primero en etiquetar este registro!
LEADER 00878ngm a22002535g 4500
001 CEM.cems022129
008 130507b1995##################0###0#####d
005 20241007142036.0
245 0 0 |a Contenidos básicos comunes(cbc) :  |b Lengua. 
300 |a 31'. 
490 0 |a Sacapuntas 
500 |a En soporte VHS, consultar en ventanilla. 
520 |a Reportaje a Sara Melgar sobre los CBC de lengua. Bloques de contenidos para la ulterior construcción del currículum jurisdiccional. 
538 |a Soporte: VHS - Norma: Pal N - Color - Grabación DRD 1995 - Hitachi=4820 
082 3 7 |/ LFE-1 
653 |a EDUCACION 
653 |a LEY FEDERAL DE EDUCACION 
653 |a CBC 
653 |a CONTENIDOS 
653 |a LENGUA 
653 |a CURRICULUM 
653 |a MELGAR SARA 
653 |a NIVEL SECUNDARIO 
859 |a CEMS  |b BIB. CEMS - Depto. Recursos Didacticos  |h 370  |i LFE-1  |k DRD  |p 772.12  |t Ej.1